00256nam a2200109Ia 4500008004100000082001600041100001700057245002800074250000900102260002700111300000800138150731s2004 xx 000 0 und d a612bH 04 R aRATAN, VIDYA aHB. OF HUMAN PHYSIOLOGY a7 TH bJAYPE PUB. INDIAc2004 a340